Fucoidan-Mimetic Glycopolymers : Synthesis and Biomedical Applications.

Bibliographic Details
Main Author: Tengdelius, Mattias.
Format: eBook
Language:English
Published: Linköping : Linkopings Universitet, 2016.
Edition:1st ed.
Series:Linköping Studies in Science and Technology. Dissertations Series
Subjects:
Online Access:Click to View
LEADER 02187nam a22003853i 4500
001 EBC4677093
003 MiAaPQ
005 20240729202201.0
006 m o d |
007 cr cnu||||||||
008 240729s2016 xx o ||||0 eng d
020 |a 9789176858349  |q (electronic bk.) 
035 |a (MiAaPQ)EBC4677093 
035 |a (Au-PeEL)EBL4677093 
035 |a (CaPaEBR)ebr11262370 
035 |a (OCoLC)958560355 
040 |a MiAaPQ  |b eng  |e rda  |e pn  |c MiAaPQ  |d MiAaPQ 
100 1 |a Tengdelius, Mattias. 
245 1 0 |a Fucoidan-Mimetic Glycopolymers :  |b Synthesis and Biomedical Applications. 
250 |a 1st ed. 
264 1 |a Linköping :  |b Linkopings Universitet,  |c 2016. 
264 4 |c {copy}2016. 
300 |a 1 online resource (121 pages) 
336 |a text  |b txt  |2 rdacontent 
337 |a computer  |b c  |2 rdamedia 
338 |a online resource  |b cr  |2 rdacarrier 
490 1 |a Linköping Studies in Science and Technology. Dissertations Series ;  |v v.1743 
505 0 |a Intro -- Abstract -- Populärvetenskaplig Sammanfattning -- Acknowledgements -- Papers Included in the Thesis -- Contribution to Included Papers -- Papers Not Included in the Thesis -- Conference Contributions -- Thesis Committee -- Abbreviations -- Table of Contents -- 1. Introduction -- 2. Aim -- 3. Glycopolymer Synthesis (Paper I, II and III) -- 4. Fucoidan-Mimetic Properties (Paper I and III) -- 5. Amphiphilic FMGs (Paper IV) -- 6. FMG-Coated Gold Nanoparticles (Paper II) -- 7. Conclusions and Future Prospects -- 8. Appendix -- 9. References. 
588 |a Description based on publisher supplied metadata and other sources. 
590 |a Electronic reproduction. Ann Arbor, Michigan : ProQuest Ebook Central, 2024. Available via World Wide Web. Access may be limited to ProQuest Ebook Central affiliated libraries.  
655 4 |a Electronic books. 
776 0 8 |i Print version:  |a Tengdelius, Mattias  |t Fucoidan-Mimetic Glycopolymers  |d Linköping : Linkopings Universitet,c2016 
797 2 |a ProQuest (Firm) 
830 0 |a Linköping Studies in Science and Technology. Dissertations Series 
856 4 0 |u https://ebookcentral.proquest.com/lib/matrademy/detail.action?docID=4677093  |z Click to View